000 01449nam a2200397Ia 4500
001 Para_8879
003 CHAP
008 220125s2004 xx 000 0 und d
010 _a207642
040 _cCHAP
090 _aPA TESIS 1827
100 _aMorales López, José Amilcar
_978318
245 _aNutrición del gladiolo y resistencia a la pudrición del cuello (Stromatinia gladioli (Drayt.) Whetz) en Chapingo, México /
_c por José Amilcar Morales López
260 _aChapingo, Méx. :
_b el autor
300 _a66 h.
502 _aTesis (Ing. Agr. Esp. en Parasitología Agrícola) -- UACh. Departamento Parasitología Agrícola
650 _a1 Botrytis
_9174172
650 _aCurvularia trifolii
_9174173
650 _aFlores
_x enfermedades
_941375
650 _aFusarium oxysporum
_944093
650 _aGladiolas
_x enfermedades
_948229
650 _aGladiolas
_x enfermedades por bacterias
_9174174
650 _aGladiolas
_x enfermedades por hongos
_9135896
650 _aGladiolas
_x enfermedades por virus
_9174175
650 _aGladiolas
_x plagas
_948234
650 _aSeptoria gladioli
_9174176
650 _aStromatinia gladioli
_9110012
710 _aUACh. Departamento Parasitología Agrícola
_9164025
901 _aPA TESIS 1827
902 _aA
905 _a0000002004 din 0000000000 00
910 _a2004
942 _cPARA
942 _cPARA
_d1
999 _c207642
_d207642